Państwa które pokonują Norwegię - Statystyki

Ogólne statystyki
  • Ten quiz został rozwiązany 44 razy
  • Średni wynik to 13 z 15
Statystyki odpowiedzi
Ranking Kategoria Państwo % Poprawnych
3 Najbardziej wysunięte na północ państwo NATO Dania / Kanada
97%
3 Największe państwo nordyckie Dania / Szwecja
97%
4 Najczęściej odwiedzane państwo przez Szwedów Hiszpania / Dania / Finlandia
94%
5 Najbogatsze państwo Europy Luksemburg / Irlandia / Szwajcaria / San Marino
94%
4 Najbardziej zaludnione państwo zaczynające się na literę N Nigeria / Niemcy / Niger
91%
3 Największe państwo nad Morzem Północnym Francja / Szwecja
89%
9 Najbardziej zaludnione państwo germańskie Niemcy / Wielka Brytania / Holandia / Belgia / Szwecja / Austria / Szwajcaria / Dania
89%
4 Państwo nordyckie z najbardziej zaludnionym miastem Szwecja / Finlandia / Dania
89%
3 Najbliższe niegraniczące państwo do Danii Szwecja / Polska
89%
4 Najwyższi ludzie Holandia / Czarnogóra / Dania
83%
2 Najdłuższa linia brzegowa Kanada
83%
2 Najkrótsza granica z Rosją Korea Północna
83%
2 Największy producent ropy naftowej w Europie Rosja
83%
2 Największe państwo którego stolica zaczyna się na tą samą literę Kanada
60%
5 Najpóźniej podbite przez III Rzeszę Austria / Czechosłowacja / Polska / Dania
51%
Nie znaleziono quizów pasujących do podanych kryteriów
Rozkład punktacji
Procent ludzi z każdym wynikiem
Percentyl według liczby udzielonych odpowiedzi
Twoja historia wyników
Nie rozwiązałeś tego quizu